000 00383nab a22001337a 4500
001 T027600010333-02
008 190830b xxu||||| |||| 00| 0 esp |
040 _aFEVP
_cFEVP
100 _aRofman, Alejandro
245 _aEfectos de la integración latinoamericana en el esquema de localización industrial
300 _app.19-40
650 _aIntegración--América Latina
942 _cANL
999 _c13123
_d13123